Películas legendarias / (Registro nro. 2217)
[ vista simple ]
| 000 -CABECERA | |
|---|---|
| Longitud fija campo de control | 00844nam a2200253 a 4500 |
| 003 - • IDENTIFICADOR DELl NÚMERO DE CONTROL | |
| Identificador del número de control | CO-ViMGA |
| 008 - • CÓDIGOS DE INFORMACIÓN DE LONGITUD FIJA | |
| Códigos de información de longitud fija | 141112s2004 ck r 000 u spa d |
| 020 ## - • NÚMERO INTERNACIONAL NORMALIZADO PARA LIBROS | |
| Número Internacional Normalizado para Libros (ISBN) | 9788498014259 |
| 040 ## - FUENTE DE LA CATALOGACIÓN | |
| Centro catalogador de origen | CO-ViMGA |
| Lengua de catalogación | spa |
| Centro transcriptor | CO-ViMGA |
| 041 ## - • CÓDIGO DE LENGUA | |
| Código de lengua del texto/banda sonora o título independiente | SPA |
| 082 04 - • NÚMERO DE LA CLASIFICACIÓN DECIMAL DEWEY | |
| Número de clasificación (R) | 791.4375 D13p |
| 245 10 - • TITULO PROPIAMENTE DICHO | |
| Título | Películas legendarias / |
| Mención de responsabilidad, etc. | Paolo D'Agostini ; traducción Cristóbal Barber Casasnovas |
| 250 ## - • MENCIÓN DE EDICIÓN | |
| Mención de edición | 1a ed. |
| 300 ## - • DESCRIPCIÓN FÍSICA | |
| Extensión | 599 p. : il. fot. : il. |
| 500 ## - • NOTA GENERAL | |
| Nota general | Título original : Legendary movies |
| 650 14 - • PUNTO DE ACCESO ADICIONAL DE MATERIA - TÉRMINO DE MATERIA | |
| Término de materia o nombre geográfico como elemento inicial | CINE - HISTORIA Y CRITICA |
| 650 14 - • PUNTO DE ACCESO ADICIONAL DE MATERIA - TÉRMINO DE MATERIA | |
| Término de materia o nombre geográfico como elemento inicial | PELICULAS CINEMATOGRAFICAS - CRITICA E INTERPRETACION |
| 650 14 - • PUNTO DE ACCESO ADICIONAL DE MATERIA - TÉRMINO DE MATERIA | |
| Término de materia o nombre geográfico como elemento inicial | PELICULAS CINEMATOGRAFICAS - RESEÑAS |
| 650 14 - • PUNTO DE ACCESO ADICIONAL DE MATERIA - TÉRMINO DE MATERIA | |
| Término de materia o nombre geográfico como elemento inicial | VERSIONES CINEMATOGRAFICAS |
| 700 1# - • PUNTO DE ACCESO ADICIONAL - NOMBRE DE PERSONA | |
| Nombre de persona | Barber Casasnovas, Cristóbal |
| 942 ## - ENTRADA DE ELEMENTOS AGREGADOS (KOHA) | |
| Fuente de clasificaión o esquema | Dewey Decimal Classification |
| Koha [por defecto] tipo de item | LIbro |
| Perdido | Fuente de clasificación o esquema | Estado Físico | No para préstamo | Forma de adquisición | Localización permanente | Localización actual | Localización en estanterías | Fecha adquisición | Préstamos totales | Signatura completa | Código de barras | Fecha última consulta | Número de copia | Fecha del precio de reemplazo | Tipo de item de Koha | Serie de enumeración / cronolog&íacute;a | Note pública |
|---|---|---|---|---|---|---|---|---|---|---|---|---|---|---|---|---|---|
| Dewey Decimal Classification | Colección General | Biblioteca Pública Dorado | Biblioteca Pública Dorado | General | 12/26/2022 | 791.4375 D13p | DOR00287 | 12/26/2022 | Ej.1 | 12/26/2022 | LIbro | ||||||
| Dewey Decimal Classification | Colección General | Biblioteca Pública Dorado | Biblioteca Pública Dorado | General | 01/12/2023 | 791.4375 D13p | DOR00456 | 01/12/2023 | Ej.1 | 01/12/2023 | LIbro | ||||||
| Dewey Decimal Classification | Colección General | Biblioteca Pública Puerto Lleras | Biblioteca Pública Puerto Lleras | General | 07/02/2025 | 791.4375 D13p | PLL02213 | 07/02/2025 | Ej.1 | 07/02/2025 | LIbro | ||||||
| Sala General | Biblioteca Pública Departamental Eduardo Carranza - Villavicencio | Biblioteca Pública Departamental Eduardo Carranza - Villavicencio | General | 06/07/2012 | 791.4375 D13p | ECA21055 | 11/26/2024 | Ej.1 | 11/26/2024 | LIbro | 15522 | 20248 | ||||||
| Dewey Decimal Classification | Sala General Segundo Piso | Biblioteca Pública Germán Arciniegas - Villavicencio | Biblioteca Pública Germán Arciniegas - Villavicencio | 12/04/2015 | 791.4375 D13p | 25252 | 12/04/2015 | Ej. 1 | 12/04/2015 | LIbro | 27/jun/2012 | ||||||
| Dewey Decimal Classification | Colección General | Biblioteca Pública La Macarena | Biblioteca Pública La Macarena | General | 07/18/2023 | 791.4375 D13p | LM00314 | 07/18/2023 | Ej.1 | 07/18/2023 | LIbro | ||||||
| Clasificación Local Facetada | Colección General | Biblioteca Pública Puerto Concordia | Biblioteca Pública Puerto Concordia | General | 02/25/2026 | 791.4375 D13p | PCON02320 | 02/25/2026 | Ej.1 | 02/25/2026 | LIbro | ||||||
| Dewey Decimal Classification | Colección General | Biblioteca Pública Puerto Rico | Biblioteca Pública Puerto Rico | General | 03/24/2023 | 781.629861 M87 | PR00000796 | 03/24/2023 | Ej.1 | 03/24/2023 | LIbro |